000 00388pab a2200157 454500
008 180718b2011 xxu||||| |||| 00| 0 eng d
100 _aSankar, Deepa
245 _aEducation sector grants: Misplaced criticism
260 _c2011
300 _ap.80-82.
362 _a23 Apr
650 _aEducational grants
773 _aEconomic and Political Weekly
908 _aN
909 _a91315
999 _c91315
_d91315